Score 0/15 Timer 02:00
0 Plays Today
Hint 4-Letter Word % Correct
Little Bo ___PEEP
96.3%
What Frosty the Snowman does in the sunMELT
96.1%
To convene or rendezvousMEET
90.7%
To get ready, perhaps for an examPREP
89.3%
Actress Amanda from 'The Whole Nine Yards'PEET
87.7%
To recite the rosary, e.g.PRAY
87.5%
A component of beerMALT
85.9%
Angelina's inglourious basterd (with last rung)BRAD
84.9%
Hint 4-Letter Word % Correct
Hunter's quarryPREY
83.2%
Angelina's inglourious basterd (with first rung)PITT
82.6%
A donkey's cryBRAY
82.1%
To lose freshness, lettuce for exampleWILT
80.7%
A sentry's commandHALT
79.5%
A sword or saber handleHILT
76.4%
Two-time gold medalist figure skater KatarinaWITT
71.5%

Today's Daily Dose

Remove Ads.
Support Sporcle.
Get the best of Sporcle when you Go Orange. This ad-free experience offers more features, more stats, and more fun while also helping to support Sporcle. Thank you for becoming a member.

You're not logged in!

Compare scores with friends on all Sporcle quizzes.
OR
Log In

Show Comments

Extras

Top Quizzes Today


Score Distribution

Your Account Isn't Verified!

In order to create a playlist on Sporcle, you need to verify the email address you used during registration. Go to your Sporcle Settings to finish the process.

Report this User

Report this user for behavior that violates our Community Guidelines.

Details: